Losing U.S. Presidents Quiz Stats

 Plays Quiz Updated Nov 5, 2018

Score 0/30 Timer 05:00
0 Plays Today
Year Presidential Candidate % Correct
2016Hillary Clinton
96.5%
2000Al Gore
93.5%
1992George Bush
92.1%
2004John Kerry
91.7%
2012Mitt Romney
90.8%
2008John McCain
90.5%
1960Richard Nixon
83.5%
1996Robert Dole
81.7%
1980Jimmy Carter
79.7%
1976Gerald Ford
73.2%
1984Walter Mondale
70.9%
1988Michael S. Dukakis
64.1%
1912Theodore Roosevelt
63.9%
1932Herbert Hoover
57.9%
1952Adlai E. Stevenson II
54.3%
Year Presidential Candidate % Correct
1956Adlai E. Stevenson II
54.3%
1944Thomas Dewey
54.2%
1948Thomas Dewey
54.2%
1964Barry Goldwater
50.6%
1968Hubert H. Humphrey
47.9%
1972George McGovern
46.6%
1900William Jennings Bryan
39.2%
1908William Jennings Bryan
39.2%
1928Alfred E. Smith
29.1%
1940Wendell Willkie
20.3%
1936Alf Landon
18.2%
1924John W. Davis
15.3%
1920James M. Cox
12.5%
1916Charles Evans Hughes
11.3%
1904Alton Parker
7.2%

You're not logged in!

Compare scores with friends on all Sporcle quizzes.
OR
Log In

Sporcle TV

Today on Sporcle TV


Watch our educational content, quiz creation guides, and fun videos on Sporcle TV.

Show Comments

Extras

Top Quizzes Today


Score Distribution

Your Account Isn't Verified!

In order to create a playlist on Sporcle, you need to verify the email address you used during registration. Go to your Sporcle Settings to finish the process.

Report this User

Report this user for behavior that violates our Community Guidelines.

Details: